| 000 | 00448nam a2200193Ia 4500 | ||
|---|---|---|---|
| 005 | 20240823032844.0 | ||
| 008 | 240823s9999||||xx |||||||||||||| ||und|| | ||
| 020 | _a978-81-907120-7-1 | ||
| 041 | _aENGLISH | ||
| 082 | _A016.505 P9 | ||
| 100 | _aEswaran Sa | ||
| 245 | 0 | _aMozhi Peyarppu(Arivum moliyum) | |
| 250 | _a1st | ||
| 260 |
_c2009 _bNal Nilam Pathi |
||
| 500 | _aYES | ||
| 650 |
_aGeneral _bGeneral |
||
| 942 | _cBK | ||
| 999 |
_c194418 _d194418 |
||